De justicia de jueces a justicia de leyes: hacia la España de 1870

Guardat en:
Dades bibliogràfiques
Autor principal: Lorente Sariñena, Marta (autora)
Format: Llibre
Idioma:espanyol
Publicat: Madrid Consejo General del Poder Judicial 2007
Edició:1a. ed
Col·lecció:Cuadernos de Derecho Judicial, 6
Matèries:
Etiquetes: Afegir etiqueta
Sense etiquetes, Sigues el primer a etiquetar aquest registre!

MARC

LEADER 00000cam a2200000 a 4500
001 UCD4911
003 CL-VaPUC
008 160731e20070000sp |||||||||||||||||spa|d
020 |a 9788496518988 
082 0 4 |a 340.46  |b LOR  |2 21 
100 |a Lorente Sariñena, Marta  |e autora  |9 588616 
245 1 0 |a De justicia de jueces a justicia de leyes: hacia la España de 1870 
250 |a 1a. ed 
300 |a 460 p 
942 |c BK 
945 |d 20160731 21:25:00  |a dcastane 
260 |a Madrid  |b Consejo General del Poder Judicial  |c 2007 
650 0 |a Derecho español  |9 255291 
650 7 |a HISTORIA DEL DERECHO ESPAÑOL  |2 CL-VaPUC  |9 588617 
583 |a last modification  |c 20160731 21:25:00  |k Rodrigo Vera 
490 0 |a Cuadernos de Derecho Judicial, 6 
999 |c 365701  |d 365699 
952 |0 0  |1 0  |3 erb  |4 0  |6 340_460000000000000_LOR_2007  |7 0  |8 A  |9 479630  |a BIBDER  |b BIBDER  |i 5299462  |o 340.46 LOR 2007  |p 5299462  |r 2023-01-25  |w 2019-11-24  |y BK  |z Catalogado en:20160731  |k DER